| 000 | 00991nam a22002537a 4500 | ||
|---|---|---|---|
| 003 | MX-MxUPN | ||
| 005 | 20240425063947.0 | ||
| 008 | 220930s2019 mx ad||| |||| 00| 0 spa d | ||
| 020 | _a9786078663392 | ||
| 040 |
_aMX-MxUPN _bspa _cMX-MxUPN |
||
| 050 | 4 |
_aLB3012.4 M6 _bA48 2019 |
|
| 100 | 1 |
_aÁlvarez Martínez, Alejandro _946922 |
|
| 245 | 1 | 3 |
_aLa cultura autoritaria en México : _beducación y autoritarismo en los albores del siglo XXI |
| 250 | _aPrimera edición | ||
| 260 |
_aCiudad de México : _bColofón, _c2019. |
||
| 300 |
_a108 páginas : _bilustraciones, gráficas, tablas |
||
| 500 | _aEs bibliografía básica de la Licenciatura en Sociología de la Educación. | ||
| 610 | 2 | 4 |
_aUniversidad Pedagógica Nacional (México). _bLicenciatura en Sociología de la Educación _950105 |
| 650 | 4 |
_aRelación maestro-estudiante _94168 |
|
| 650 | 4 |
_aEnseñanza _96215 |
|
| 650 | 2 |
_aDisciplina escolar _zMéxico _919297 |
|
| 902 | _aNoemiAcosta/300922 | ||
| 942 |
_2lcc _cLIBRO |
||
| 999 |
_c208913 _d208913 |
||